000 00620nam a2200181Ia 4500
008 151202s9999||||xx |||||||||||||| ||und||
082 _bPNVM-45715
100 _aमहाबळ भा.ल.
245 _aआई रिटायर झालीच आहे.
260 _b"दिलीपराज प्रकाशन, पुणे."
260 _c2004
300 _a200
600 _aमहाबळ भा.ल.
630 _aआई रिटायर झालीच आहे.
700 _aमहाबळ भा.ल.
730 _aआई रिटायर झालीच आहे.
942 _cBOOK
999 _c1311666
_d1311663